Science Quiz

Random Science or Chemistry Quiz

Alliterative Elements Quiz Stats

 Plays Quiz Updated Sep 7, 2014

Support Sporcle.
Go Orange.
Score 0/5 Timer 02:00
1 Play Today
Letter Elements % Correct
HHydrogen, Helium
98.8%
BBeryllium, Boron
70.7%
GGallium, Germanium
54.6%
RRuthenium, Rhodium
28.6%
TTantalum, Tungsten
22%

You're not logged in!

Compare scores with friends on all Sporcle quizzes.
OR
Log In
Forgot?

From the Vault

Rock and Roll Hall of Famers

by Unidentifiedkiwi

These artists show us what it truly means to be 'Rock n Roll'.
Remove Ads.
Support Sporcle.
Get the best of Sporcle when you Go Orange. This ad-free experience offers more features, more stats, and more fun while also helping to support Sporcle. Thank you for becoming a member.

Show Comments

Extras

Top Quizzes Today


Score Distribution

Your Account Isn't Verified!

In order to create a playlist on Sporcle, you need to verify the email address you used during registration. Go to your Sporcle Settings to finish the process.

Report this User

Report this user for behavior that violates our Community Guidelines.

Details: